Bible women (Record no. 4052)

MARC details
000 -LEADER
fixed length control field 00385nam a22001457a 4500
008 - FIXED-LENGTH DATA ELEMENTS--GENERAL INFORMATION
fixed length control field 250702b |||||||| |||| 00| 0 eng d
020 ## - INTERNATIONAL STANDARD BOOK NUMBER
ISBN 9789051601
100 ## - MAIN ENTRY--AUTHOR
Author Ekanem Gail
245 ## - TITLE STATEMENT
Title Bible women
260 ## - PUBLICATION, DISTRIBUTION, ETC. (IMPRINT)
Place of publication Plateau
Name of publisher Africa christian textbooks
Date of publication 2012
300 ## - COLLATION
Pagination 201p.
Other physical details ill.
650 ## - TRACINGS
Main Subject Bible- old testament-feminist
Subdivision (1st) Bible-history
942 ## - ADDED ENTRY ELEMENTS (KOHA)
Item type Books
050 ## - LIBRARY OF CONGRESS CALL NUMBER
Classification number BT82.7
Item number .E53
Holdings
Source of classification or shelving scheme Not for loan Permanent location Current location Date acquired Accession No. Full call number Barcode. Koha item type
Library of Congress Classification   Samuel Ogbemudia Main Library, University of Abuja Samuel Ogbemudia Main Library, University of Abuja 07/02/2025 2025/64829-30 BT82.7.E53 2025-2773 Books
Library of Congress Classification   Samuel Ogbemudia Main Library, University of Abuja Samuel Ogbemudia Main Library, University of Abuja 07/02/2025 2025/64829-30 BT82.7.E53 2025-2774 Books